000
00329nam a2200157Ia 4500
100
_a
Manza/Ramesh
650
_a
Matlab
942
_c
BK
366
_f
20
654
_a
GUI
245
_a
Understanding GUI using Matlab for students
260
_b
SPD
_c
2015
082
_b
MAN
300
_a
398
546
_a
ENGLISH
_c
electronics
999
_c
25073
_d
25073